Star Wars Ships - Statistics

General Stats
  • This quiz has been taken 36 times
  • The average score is 11 of 31
Answer Stats
Answer % Correct
Rebel star fighter X-Wing
97%
Rebel Bomber Y-wing
88%
Imperial star fighter Tie Fighter
75%
Rebel interceptor A-wing
72%
Han Solo's ship Millennium falcon
72%
Rebel Heavy Assault star fighter B-wing
66%
Hera's ship Ghost
59%
Imperial Cruiser Imperial Star Destroyer
53%
Imperial Bomber Tie Bomber
53%
Imperial Interceptor Tie Interceptor
44%
Republic Interceptor V-Wing
44%
Biggest Rebel ship Home One
41%
Rebel Troop Transport U-wing
41%
Republic Star destroyer Venator Star destroyer
41%
Republic Star Fighter ARC 170
31%
Darth Vaders Tie Fighter Tie Advanced
31%
Tantive IV CR90 Corvette
28%
Imperial Hyperspace Blocker Imperial Interdictor
25%
Predecessor to the X-Wing Z-95 Head Hunter
25%
Republic Assualt Ship Acclamator-class assault ship
19%
Republic Light cruiser Arquitens-class light cruiser
19%
ship anakin used during the battle of coruscant ETA 2 Arctis Jedi Star Fighter
16%
Invisible Hand Providence-class dreadnought
16%
Boba Fetts Ship Slave I
16%
Imperial Shuttle Lambda-class t-4a shuttle
13%
Separatists Battleship Munificent-class star frigate
9%
Grievous flag ship Recusant class star frigate
9%
Exercuter Imperial star Dreadnought
0%
AT-TE Carrier LATTC
0%
Republic Gunship LATTi
0%
Separatists Blockade ship Lurcrehulk-class battleship
0%
No matching quizzes found
Score Distribution
Percent of People with Each Score
Percentile by Number Answered
Your Score History
You have not taken this quiz